<?xml version="1.0" encoding="UTF-8"?>
<record
    xmlns:xsi="http://www.w3.org/2001/XMLSchema-instance"
    xsi:schemaLocation="http://www.loc.gov/MARC21/slim http://www.loc.gov/standards/marcxml/schema/MARC21slim.xsd"
    xmlns="http://www.loc.gov/MARC21/slim">

  <leader>00473nam a22001097a 4500</leader>
  <controlfield tag="008">150625b        xxu||||| |||| 00| 0 eng d</controlfield>
  <datafield tag="010" ind1=" " ind2=" ">
    <subfield code="8">HCCRS ARF:007</subfield>
  </datafield>
  <datafield tag="245" ind1=" " ind2=" ">
    <subfield code="a">HIGH COURT CRIMINAL SESSION NO.586 OF 1970 Uganda Vs Karuna Lubowa Kintu</subfield>
  </datafield>
  <datafield tag="260" ind1=" " ind2=" ">
    <subfield code="a">High Court Kampala</subfield>
  </datafield>
  <datafield tag="500" ind1=" " ind2=" ">
    <subfield code="3">Original criminal case no.MMR.7 of 1970 of the Chief Magistrate's  Court of Mengo at Kampala Before-His Worship M.N.Patel, Mag:Grd.1.)</subfield>
  </datafield>
  <datafield tag="500" ind1=" " ind2=" ">
    <subfield code="3">BEFORE:The Honourable Mr.Justice A.W.K.Mukasa</subfield>
  </datafield>
  <datafield tag="999" ind1=" " ind2=" ">
    <subfield code="c">6808</subfield>
    <subfield code="d">6808</subfield>
  </datafield>
  <datafield tag="952" ind1=" " ind2=" ">
    <subfield code="0">0</subfield>
    <subfield code="1">0</subfield>
    <subfield code="2">ddc</subfield>
    <subfield code="4">0</subfield>
    <subfield code="6">HCCRS_ARF007</subfield>
    <subfield code="7">0</subfield>
    <subfield code="9">12882</subfield>
    <subfield code="a">ARC</subfield>
    <subfield code="b">ARC</subfield>
    <subfield code="c">ARC</subfield>
    <subfield code="d">2015-06-25</subfield>
    <subfield code="l">0</subfield>
    <subfield code="o">HCCRS ARF:007</subfield>
    <subfield code="p">1409/2015</subfield>
    <subfield code="r">2015-06-25 00:00:00</subfield>
    <subfield code="w">2015-06-25</subfield>
    <subfield code="y">URC</subfield>
    <subfield code="z">Judgement was entered on 23rd October 1970</subfield>
  </datafield>
  <datafield tag="952" ind1=" " ind2=" ">
    <subfield code="0">0</subfield>
    <subfield code="1">0</subfield>
    <subfield code="2">ddc</subfield>
    <subfield code="4">0</subfield>
    <subfield code="6">HCCRS_ARF007</subfield>
    <subfield code="7">0</subfield>
    <subfield code="9">12884</subfield>
    <subfield code="a">ARC</subfield>
    <subfield code="b">ARC</subfield>
    <subfield code="c">ARC</subfield>
    <subfield code="d">2015-06-25</subfield>
    <subfield code="l">0</subfield>
    <subfield code="o">HCCRS ARF:007</subfield>
    <subfield code="p">1410/2015</subfield>
    <subfield code="r">2015-06-25 00:00:00</subfield>
    <subfield code="w">2015-06-25</subfield>
    <subfield code="y">URC</subfield>
    <subfield code="z">Judgement was entered on 23rd October 1970</subfield>
  </datafield>
</record>
